Normal view
MARC view
Entry Personal Name
001 - CONTROL NUMBER
- control field: 55183
003 - CONTROL NUMBER IDENTIFIER
- control field: dpl
005 - DATE AND TIME OF LATEST TRANSACTION
- control field: 20130220163714.0
008 - FIXED-LENGTH DATA ELEMENTS
- fixed length control field: 130220|||a|||||| | ||| d
040 ## - CATALOGING SOURCE
- Original cataloging agency: dpl
- Transcribing agency: dpl
100 ## - HEADING--PERSONAL NAME
- Personal name: Moore, Brooke Noel
670 ## - SOURCE DATA FOUND
- Source citation: Work cat.: (dpl)60821: Moore, Brooke Noel, Philosophy :, 2011
670 ## - SOURCE DATA FOUND
- Source citation: Work cat.: (dpl)60821: Moore, Brooke Noel, Philosophy :, 2011
